[Event "Bohumin op 3rd"]
[Site "Bohumin"]
[Date "2020.07.25"]
[Round "8"]
[White "Galuszka, Tomasz"]
[Black "Weinzettl, Ernst"]
[Result "0-1"]
[WhiteElo "2255"]
[BlackElo "2166"]
[PlyCount "50"]
[EventDate "2020.07.18"]
[EventType "swiss"]
[EventRounds "9"]
[EventCountry "CZE"]
[SourceTitle "CBM 197 Extra"]
[Source "ChessBase"]
[SourceDate "2020.09.30"]
[SourceVersion "1"]
[SourceVersionDate "2020.09.30"]
[SourceQuality "1"]

1. e4 e6 2. d4 d5 3. Nd2 c5 4. exd5 Qxd5 5. Ngf3 cxd4 6. Bc4 Qd7 7. Qe2 a6 8. Nb3 Nc6 9. Bd2 Nf6 10. 0-0-0 b5 11. Bd3 Bb7 12. Kb1 Be7 13. Rhg1 Rd8 14. g4 Qc7 15. g5 Nd5 16. Rg4 Ncb4 17. h4 Nxd3 18. Qxd3 Nc3+ 19. bxc3 dxc3 20. Nfd4 cxd2 21. g6 hxg6 22. Rxg6 Qf4 23. Rxg7 Bf6 24. Rg3 Bxd4 25. Rdg1 Bg7 0-1

[Event "Bohumin op 3rd"]
[Site "Bohumin"]
[Date "2020.07.20"]
[Round "3"]
[White "Weinzettl, Ernst"]
[Black "Mrazek, Lumir"]
[Result "1-0"]
[WhiteElo "2166"]
[BlackElo "2327"]
[PlyCount "85"]
[EventDate "2020.07.18"]
[EventType "swiss"]
[EventRounds "9"]
[EventCountry "CZE"]
[SourceTitle "CBM 197 Extra"]
[Source "ChessBase"]
[SourceDate "2020.09.30"]
[SourceVersion "1"]
[SourceVersionDate "2020.09.30"]
[SourceQuality "1"]

1. e4 c5 2. Nf3 Nc6 3. d4 cxd4 4. Nxd4 e5 5. Nb5 a6 6. Nd6+ Bxd6 7. Qxd6 Qf6 8. Qxf6 Nxf6 9. Nc3 Nb4 10. Bd3 d6 11. Bg5 Nxd3+ 12. cxd3 Be6 13. Bxf6 gxf6 14. f4 f5 15. 0-0 exf4 16. exf5 Bxf5 17. Rxf4 Be6 18. d4 d5 19. Re1 Kd7 20. Re5 Kd6 21. Rf6 Rac8 22. Rh6 Rc4 23. Rxd5+ Kc6 24. Rf5 Kc7 25. Rf4 b5 26. Rhf6 b4 27. Na4 a5 28. b3 Rc2 29. Rf2 Rc1+ 30. Rf1 Rxf1+ 31. Kxf1 Kd6 32. Ke2 Rc8 33. Nc5 Kd5 34. Kd3 Rg8 35. g3 Rg4 36. Nxe6 fxe6 37. Rf4 h5 38. Ke3 e5 39. dxe5 Kxe5 40. Rf8 h4 41. Rf4 Rxf4 42. gxf4+ Kf5 43. h3 1-0

[Event "Vsetin op 45th"]
[Site "Vsetin"]
[Date "2020.07.06"]
[Round "4"]
[White "Juricek, Stanislav"]
[Black "Weinzettl, Ernst"]
[Result "1/2-1/2"]
[WhiteElo "2065"]
[BlackElo "2166"]
[PlyCount "55"]
[EventDate "2020.07.04"]
[EventType "swiss"]
[EventRounds "9"]
[EventCountry "CZE"]
[SourceTitle "CBM 197 Extra"]
[Source "ChessBase"]
[SourceDate "2020.09.30"]
[SourceVersion "1"]
[SourceVersionDate "2020.09.30"]
[SourceQuality "1"]

1. e4 e6 2. d4 d5 3. Nc3 Bb4 4. Nge2 dxe4 5. a3 Bxc3+ 6. Nxc3 Nc6 7. Bb5 Nge7 8. Bg5 f6 9. Be3 0-0 10. Qd2 e5 11. d5 Nd4 12. Bc4 Kh8 13. 0-0-0 Bg4 14. Rde1 c5 15. dxc6 Nexc6 16. Nxe4 Rc8 17. Ba2 Bf5 18. f3 Qe7 19. Kb1 Rfd8 20. Qf2 Na5 21. Bxd4 exd4 22. Re2 Qc7 23. g4 Bg6 24. h4 Nc4 25. Rd1 Qb6 26. Bxc4 Rxc4 27. Rd3 h5 28. g5 1/2-1/2

[Event "Vsetin op 45th"]
[Site "Vsetin"]
[Date "2020.07.04"]
[Round "1"]
[White "Weinzettl, Ernst"]
[Black "Prieb, Robert"]
[Result "0-1"]
[WhiteElo "2166"]
[BlackElo "1918"]
[PlyCount "50"]
[EventDate "2020.07.04"]
[EventType "swiss"]
[EventRounds "9"]
[EventCountry "CZE"]
[SourceTitle "CBM 197 Extra"]
[Source "ChessBase"]
[SourceDate "2020.09.30"]
[SourceVersion "1"]
[SourceVersionDate "2020.09.30"]
[SourceQuality "1"]

1. d4 Nf6 2. Nf3 g6 3. c4 Bg7 4. Nc3 d5 5. e3 0-0 6. Be2 c5 7. 0-0 dxc4 8. Bxc4 Nbd7 9. a3 Nb6 10. Ba2 cxd4 11. exd4 Nbd5 12. Nxd5 Nxd5 13. Qb3 e6 14. Bg5 Qd6 15. Rfe1 b6 16. Ne5 Bb7 17. Qh3 Rac8 18. Nc4 Qd7 19. Bh6 Rfd8 20. Bxg7 Kxg7 21. Ne5 Nf4 22. Qg4 Qxd4 23. Nxf7 h5 24. Qg5 Bxg2 25. Qh6+ Kxf7 0-1

[Event "AUT-chT2O 1920"]
[Site "Austria"]
[Date "2020.01.18"]
[Round "6.3"]
[White "Kummer, Helmut"]
[Black "Weinzettl, Ernst"]
[Result "0-1"]
[WhiteElo "2286"]
[BlackElo "2175"]
[PlyCount "96"]
[EventDate "2019.10.19"]
[EventType "team-tourn"]
[EventRounds "11"]
[EventCountry "AUT"]
[SourceTitle "CBM 194 Extra"]
[Source "ChessBase"]
[SourceDate "2020.03.31"]
[SourceVersion "1"]
[SourceVersionDate "2020.03.31"]
[SourceQuality "1"]
[WhiteTeam "Donaustadt"]
[BlackTeam "Poechlarn"]
[WhiteTeamCountry "AUT"]
[BlackTeamCountry "AUT"]

1. d4 e6 2. c4 d5 3. Nc3 c5 4. cxd5 exd5 5. Nf3 Nc6 6. g3 Nf6 7. Bg2 Be7 8. 0-0 0-0 9. b3 Ne4 10. Bb2 Bf6 11. e3 Bg4 12. h3 Bxf3 13. Bxf3 cxd4 14. Nxe4 dxe4 15. Bxe4 dxe3 16. Qxd8 exf2+ 17. Rxf2 Bxd8 18. Kg2 Bb6 19. Re2 Rad8 20. Rc1 Rfe8 21. Kf1 Re6 22. Bxc6 Rxc6 23. Rce1 f6 24. h4 h5 25. Ba3 Rc3 26. Re8+ Rxe8 27. Rxe8+ Kh7 28. Bd6 Rc1+ 29. Re1 Rxe1+ 30. Kxe1 Kg6 31. Ke2 Kf5 32. Kf3 g5 33. hxg5 fxg5 34. Bb4 g4+ 35. Ke2 Ke4 36. Be1 Bc7 37. Bf2 a6 38. a4 Bd6 39. Be1 Kd4 40. b4 Kc4 41. b5 axb5 42. axb5 Kxb5 43. Kd3 Ka4 44. Ke4 b5 45. Kf5 Bxg3 46. Bxg3 b4 47. Ke4 b3 48. Kd3 Ka3 0-1

[Event "Hradec Kralove op 10th"]
[Site "Hradec Kralove"]
[Date "2019.10.30"]
[Round "6"]
[White "Weinzettl, Ernst"]
[Black "Sorm, Daniel"]
[Result "0-1"]
[WhiteElo "2170"]
[BlackElo "2303"]
[PlyCount "88"]
[EventDate "2019.10.26"]
[EventType "swiss"]
[EventRounds "9"]
[EventCountry "CZE"]
[SourceTitle "CBM 193 Extra"]
[Source "ChessBase"]
[SourceDate "2020.01.31"]
[SourceVersion "1"]
[SourceVersionDate "2020.01.31"]
[SourceQuality "1"]

1. e4 c5 2. Nf3 Nc6 3. d4 cxd4 4. Nxd4 Nf6 5. Nc3 d6 6. Bc4 Qb6 7. Nb3 e6 8. Be3 Qc7 9. Qe2 Be7 10. Bd3 0-0 11. f4 a6 12. g4 b5 13. g5 Nd7 14. f5 b4 15. Na4 Rd8 16. fxe6 fxe6 17. Bc4 Nc5 18. Nbxc5 dxc5 19. 0-0 Ne5 20. Bf4 Bd6 21. Rad1 Nxc4 22. e5 Nxe5 23. Bxe5 Bb7 24. Rxd6 Rxd6 25. Qf2 Bd5 26. Nxc5 Bc4 27. Bxd6 Qxd6 28. Ne4 Qe7 29. Re1 Bd5 30. Qg3 Qa7+ 31. Qe3 Qc7 32. c3 Rb8 33. cxb4 Rxb4 34. Nf2 Rxb2 35. Rc1 Rc2 36. Rd1 Rc3 37. Qd4 Rc4 38. Qe3 Rc3 39. Qd4 Rc1 40. a3 Qc2 41. h3 Rxd1+ 42. Qxd1 Qc3 43. Qb1 Qg3+ 44. Kf1 Bc4+ 0-1

[Event "Arad op 12th"]
[Site "Arad"]
[Date "2019.07.30"]
[Round "8"]
[White "Turlea, Constantin"]
[Black "Weinzettl, Ernst"]
[Result "1/2-1/2"]
[WhiteElo "1938"]
[BlackElo "2165"]
[PlyCount "108"]
[EventDate "2019.07.24"]
[EventType "swiss"]
[EventRounds "9"]
[EventCountry "ROU"]
[SourceTitle "CBM 191 Extra"]
[Source "ChessBase"]
[SourceDate "2019.09.30"]
[SourceVersion "1"]
[SourceVersionDate "2019.09.30"]
[SourceQuality "1"]

1. d4 Nf6 2. Nf3 g6 3. g3 Bg7 4. Bg2 0-0 5. 0-0 d6 6. b3 b5 7. Bb2 Bb7 8. c4 a6 9. Nbd2 Nbd7 10. Qc2 Rb8 11. Rab1 Re8 12. Rfe1 bxc4 13. bxc4 e6 14. e4 e5 15. c5 dxc5 16. dxc5 Bc6 17. Nc4 Bxe4 18. Rxe4 Nxe4 19. Qxe4 Nxc5 20. Qc2 Qd3 21. Rc1 e4 22. Nfd2 Bxb2 23. Nxb2 Qxc2 24. Rxc2 f5 25. Bf1 Red8 26. Ndc4 Ne6 27. Ne5 Nd4 28. Rd2 Nf3+ 29. Nxf3 exf3 30. Rc2 Rb6 31. h3 Re8 32. h4 Re1 33. Nd3 Ra1 34. Nb2 Re6 35. Nd3 Rd6 36. Nb2 Rb6 37. Rd2 Re6 38. Nc4 Re2 39. Rd8+ Kg7 40. Rd7+ Kf6 41. Rxc7 Rc2 42. Rc6+ Kg7 43. Ne5 Rxc6 44. Nxc6 Rxa2 45. Nb4 Ra1 46. Nxa6 h6 47. Nc5 g5 48. hxg5 hxg5 49. Ne6+ Kf6 50. Nd4 g4 51. Nc2 Rc1 52. Ne3 Kg5 53. Nd5 Ra1 54. Nf4 Rb1 1/2-1/2

[Event "Arad op 12th"]
[Site "Arad"]
[Date "2019.07.29"]
[Round "7"]
[White "Nedelcu, Teodor Cosmin"]
[Black "Weinzettl, Ernst"]
[Result "1-0"]
[WhiteElo "1963"]
[BlackElo "2165"]
[PlyCount "91"]
[EventDate "2019.07.24"]
[EventType "swiss"]
[EventRounds "9"]
[EventCountry "ROU"]
[SourceTitle "CBM 191 Extra"]
[Source "ChessBase"]
[SourceDate "2019.09.30"]
[SourceVersion "1"]
[SourceVersionDate "2019.09.30"]
[SourceQuality "1"]

1. d4 Nf6 2. c4 e6 3. Nc3 Bb4 4. e3 0-0 5. Bd3 d5 6. cxd5 exd5 7. Nge2 c5 8. dxc5 Bxc5 9. 0-0 Nc6 10. Nf4 d4 11. Na4 Be7 12. b3 dxe3 13. Bxe3 Nb4 14. Bc4 Qxd1 15. Raxd1 b6 16. Rfe1 Nc2 17. Re2 Nxe3 18. Rxe3 Bb4 19. Rd4 Ba3 20. Nd5 Ng4 21. Rg3 Ne5 22. b4 Nxc4 23. Rxc4 Be6 24. Nf6+ Kh8 25. Rh4 gxf6 26. Rxa3 Rac8 27. h3 Rc1+ 28. Kh2 Rc2 29. Nc3 f5 30. Rf4 Rc8 31. Nb5 R8c4 32. Rxc4 Bxc4 33. Nd6 Be6 34. Rxa7 Kg7 35. Kg3 f4+ 36. Kxf4 Rxf2+ 37. Kg3 Rb2 38. a3 Kf6 39. Ne4+ Kf5 40. Nd6+ Kg6 41. Ra6 Rb3+ 42. Kf4 h6 43. Nb5 Bc4 44. Rxb6+ Kg7 45. Nd6 Bf1 46. Nf5+ 1-0

[Event "Niederoesterreich Landesliga 1819"]
[Site "Austria"]
[Date "2019.04.07"]
[Round "11.4"]
[White "Weinzettl, Ernst"]
[Black "Grand, Michael"]
[Result "1-0"]
[WhiteElo "2220"]
[BlackElo "1913"]
[PlyCount "73"]
[EventDate "2018.09.30"]
[EventType "team-tourn"]
[EventRounds "11"]
[EventCountry "AUT"]
[SourceTitle "EXT 2021"]
[Source "ChessBase"]
[SourceDate "2020.10.23"]
[SourceVersion "1"]
[SourceVersionDate "2020.10.23"]
[SourceQuality "1"]
[WhiteTeam "Poechlarn"]
[BlackTeam "Bisamberg/Korneuburg"]
[WhiteTeamCountry "AUT"]
[BlackTeamCountry "AUT"]

1. e4 d6 2. d4 Nf6 3. Nc3 g6 4. Nge2 Bg7 5. g3 0-0 6. Bg2 Nc6 7. h3 e5 8. Be3 exd4 9. Nxd4 Nxd4 10. Bxd4 Be6 11. 0-0 Qd7 12. Kh2 Rae8 13. a4 a5 14. Qd2 h5 15. Rad1 Re7 16. Qg5 Nh7 17. Qxa5 Bc4 18. Rfe1 b6 19. Qb4 Bxd4 20. Rxd4 c5 21. Qxc4 cxd4 22. Qxd4 Qd8 23. Nd5 Rb7 24. Re3 b5 25. axb5 Rxb5 26. b4 Re8 27. c4 Rb8 28. Ra3 Rb7 29. b5 Re6 30. Nb4 Qb6 31. Ra8+ Nf8 32. Rxf8+ Kxf8 33. Qh8+ Ke7 34. Nd5+ Kd7 35. Nxb6+ Rxb6 36. Qd4 Rb8 37. Qa7+ 1-0

[Event "Rilton Cup 48th"]
[Site "Stockholm"]
[Date "2019.01.04"]
[Round "8"]
[White "Wallace, John Paul"]
[Black "Weinzettl, Ernst"]
[Result "1-0"]
[WhiteElo "2367"]
[BlackElo "2217"]
[PlyCount "55"]
[EventDate "2018.12.27"]
[EventType "swiss"]
[EventRounds "9"]
[EventCountry "SWE"]
[SourceTitle "CBM 188 Extra"]
[Source "ChessBase"]
[SourceDate "2019.02.28"]
[SourceVersion "1"]
[SourceVersionDate "2019.02.28"]
[SourceQuality "1"]

1. e4 e6 2. d4 d5 3. Nc3 Bb4 4. e5 Ne7 5. a3 Bxc3+ 6. bxc3 b6 7. Qg4 Ng6 8. Ne2 Qh4 9. h3 h5 10. Qf3 Ba6 11. g3 Qe7 12. a4 Nd7 13. a5 Bc4 14. Ba3 c5 15. Nf4 Ngxe5 16. dxe5 Nxe5 17. Qe3 Qf6 18. Be2 Bxe2 19. Qxe2 g5 20. Nd3 Nc4 21. 0-0 Qg6 22. Ne5 Nxe5 23. Qxe5 0-0 24. Bc1 g4 25. hxg4 Qxg4 26. Re1 h4 27. c4 Rae8 28. Qf6 1-0

[Event "Belgrade Trophy 32nd"]
[Site "Belgrade"]
[Date "2018.11.24"]
[Round "1"]
[White "Savic, Aleksandar Z"]
[Black "Weinzettl, Ernst"]
[Result "0-1"]
[WhiteElo "1741"]
[BlackElo "2204"]
[PlyCount "60"]
[EventDate "2018.11.24"]
[EventType "swiss"]
[EventRounds "9"]
[EventCountry "SRB"]
[SourceTitle "CBM 187 Extra"]
[Source "ChessBase"]
[SourceDate "2018.11.04"]
[SourceVersion "1"]
[SourceVersionDate "2018.11.04"]
[SourceQuality "1"]

1. e4 e6 2. d4 d5 3. e5 b6 4. Nf3 Ne7 5. b3 c5 6. c4 cxd4 7. Nxd4 Ng6 8. Nf3 Bb4+ 9. Bd2 Bxd2+ 10. Qxd2 0-0 11. cxd5 exd5 12. Bd3 Nc6 13. Bxg6 hxg6 14. 0-0 Bg4 15. Re1 Bxf3 16. gxf3 Qh4 17. Nc3 Rad8 18. Nxd5 Nd4 19. Kg2 Rxd5 20. Re4 Qxh2+ 21. Kxh2 Nxf3+ 22. Kg2 Nxd2 23. Rd1 Nxe4 24. Rxd5 Nc5 25. b4 Ne6 26. Rd7 Ra8 27. Kg3 g5 28. Kg4 Rc8 29. Rxa7 Rc4+ 30. Kf3 Rxb4 0-1

[Event "AUT-chT2W 1819"]
[Site "Austria"]
[Date "2018.10.13"]
[Round "2.4"]
[White "Weinzettl, Ernst"]
[Black "Mittelberger, Peter"]
[Result "1/2-1/2"]
[WhiteElo "2220"]
[BlackElo "2199"]
[PlyCount "60"]
[EventDate "2018.10.12"]
[EventType "team-tourn"]
[EventRounds "11"]
[EventCountry "AUT"]
[SourceTitle "CBM 186 Extra"]
[Source "ChessBase"]
[SourceDate "2018.08.24"]
[SourceVersion "1"]
[SourceVersionDate "2018.08.24"]
[SourceQuality "1"]
[WhiteTeam "Absam"]
[BlackTeam "Pradl"]
[WhiteTeamCountry "AUT"]
[BlackTeamCountry "AUT"]

1. e4 d6 2. d4 g6 3. Nf3 Bg7 4. Bc4 c6 5. Nc3 Nf6 6. Qe2 d5 7. Bd3 dxe4 8. Nxe4 Nxe4 9. Bxe4 Nd7 10. c3 0-0 11. 0-0 Qc7 12. Bg5 e5 13. Qd2 exd4 14. Nxd4 Nc5 15. Bc2 Ne6 16. Nxe6 Bxe6 17. Rfe1 Rfe8 18. Bb3 Bxb3 19. Rxe8+ Rxe8 20. axb3 a6 21. g3 f6 22. Be3 Rd8 23. Qe2 Qf7 24. Rd1 Rxd1+ 25. Qxd1 h5 26. Qd8+ Kh7 27. Qb6 Qd7 28. h4 f5 29. Bf4 Qd1+ 30. Kg2 Qd5+ 1/2-1/2